| 000 | 00737cam a2200193ua 4500 | ||
|---|---|---|---|
| 020 | _c4.50 | ||
| 041 |
_aeng _h |
||
| 082 |
_a891.4 _bSAH/CO |
||
| 100 | _aSahithya academy, . | ||
| 110 | 1 |
_aSahithya academy . _b _c() |
|
| 245 | 0 | 0 |
_aContemporary Indian literature:A symposium / _cSahithya academy. _hTextual Documents |
| 250 |
_a2 / _b. |
||
| 260 |
_aNewdelhi : _bSahitya Academy , _c1959. |
||
| 300 | _a338 ; . | ||
| 365 | _a4.50 | ||
| 504 | _a | ||
| 942 | _cBK | ||
| 999 |
_c3718 _d3718 |
||